[Event "ESP-ch Catalunya U12"]
[Site "Cambrils"]
[Date "2024.03.27"]
[Round "8"]
[White "Bru Montoya, Pau"]
[Black "Monclus, Janssens Jack"]
[Result "1-0"]
[WhiteElo "1850"]
[BlackElo "1707"]
[PlyCount "69"]
[EventDate "2024.03.23"]
[EventType "swiss"]
[EventRounds "9"]
[EventCountry "ESP"]
[SourceTitle "EXT 2025"]
[Source "ChessBase"]
[SourceDate "2024.10.14"]
[SourceVersion "1"]
[SourceVersionDate "2024.10.14"]
[SourceQuality "1"]

1. e4 c6 2. d4 d5 3. exd5 cxd5 4. Bd3 Nc6 5. c3 Qc7 6. Ne2 Bg4 7. f3 Bd7 8. Qb3 Nf6 9. Bf4 Qc8 10. Na3 a6 11. Qd1 Bf5 12. 0-0 Bxd3 13. Qxd3 e6 14. Nc2 Be7 15. Ne3 Qd7 16. Be5 0-0 17. Ng3 Ne8 18. Ng4 f6 19. Bf4 Nd6 20. Rfe1 Rfe8 21. Qe2 Bf8 22. Nh5 Kf7 23. Qd3 f5 24. Ne5+ Nxe5 25. Bxe5 Qe7 26. Nf4 Nc4 27. b3 Nxe5 28. Rxe5 Qg5 29. Nxe6 Qh6 30. Qxf5+ Kg8 31. Nxf8 Rxe5 32. Qxe5 Rxf8 33. Re1 Qd2 34. Qxd5+ Kh8 35. Qe4 1-0

[Event "ESP-ch Catalunya U12"]
[Site "Cambrils"]
[Date "2024.03.26"]
[Round "6"]
[White "Presas Gharbi, Rayan"]
[Black "Monclus, Janssens Jack"]
[Result "1/2-1/2"]
[WhiteElo "1705"]
[BlackElo "1707"]
[PlyCount "165"]
[EventDate "2024.03.23"]
[EventType "swiss"]
[EventRounds "9"]
[EventCountry "ESP"]
[SourceTitle "EXT 2025"]
[Source "ChessBase"]
[SourceDate "2024.10.14"]
[SourceVersion "1"]
[SourceVersionDate "2024.10.14"]
[SourceQuality "1"]

1. e4 c6 2. d4 d5 3. exd5 cxd5 4. Bd3 Nc6 5. c3 Nf6 6. Bf4 g6 7. Nd2 Bg7 8. Ngf3 Bg4 9. Qb3 Qb6 10. Ne5 Rd8 11. Qxb6 axb6 12. Nxc6 bxc6 13. h3 Bf5 14. Bxf5 gxf5 15. Nb3 Rc8 16. a4 e6 17. a5 bxa5 18. Rxa5 Nd7 19. 0-0 0-0 20. Nc5 Nxc5 21. Rxc5 Rfe8 22. Ra1 Bf8 23. Rca5 f6 24. Ra6 c5 25. Re1 Kf7 26. dxc5 Rxc5 27. Bd6 Bxd6 28. Rxd6 Re7 29. Re2 Ra5 30. f3 f4 31. Kf2 Rb5 32. Ke1 e5 33. Rd2 e4 34. R6xd5 exf3+ 35. Kf2 Rxd5 36. Rxd5 fxg2 37. Kxg2 Re2+ 38. Kf3 Rxb2 39. Kxf4 Rb3 40. Rd3 Ke6 41. Re3+ Kf7 42. Kf5 h5 43. Rd3 Rb5+ 44. Ke4 Ke6 45. c4 Re5+ 46. Kf4 Rf5+ 47. Kg3 Ke7 48. Rd4 Ke6 49. Re4+ Kd6 50. Rf4 Rg5+ 51. Kf3 Kc5 52. Re4 Rf5+ 53. Kg3 Rg5+ 54. Kh4 Re5 55. Rf4 Kb4 56. Kg3 Rg5+ 57. Kf3 Kc5 58. Re4 Re5 59. Rf4 Rg5 60. h4 Re5 61. Rxf6 Kxc4 62. Kf4 Kd4 63. Rd6+ Rd5 64. Ra6 Rc5 65. Ra4+ Kd5 66. Re4 Kd6 67. Ra4 Ke6 68. Ra6+ Kf7 69. Ra1 Kf6 70. Ra6+ Kf7 71. Rd6 Kg7 72. Re6 Rc4+ 73. Kg5 Rc5+ 74. Kf4 Rc4+ 75. Re4 Rxe4+ 76. Kxe4 Kh8 77. Kf5 Kg8 78. Kg6 Kh8 79. Kxh5 Kg8 80. Kg6 Kh8 81. h5 Kg8 82. h6 Kh8 83. h7 1/2-1/2

[Event "ESP-ch Catalunya U12"]
[Site "Cambrils"]
[Date "2024.03.25"]
[Round "5"]
[White "Monclus, Janssens Jack"]
[Black "Badia Berthelot, Luca"]
[Result "1-0"]
[WhiteElo "1707"]
[BlackElo "1672"]
[PlyCount "77"]
[EventDate "2024.03.23"]
[EventType "swiss"]
[EventRounds "9"]
[EventCountry "ESP"]
[SourceTitle "EXT 2025"]
[Source "ChessBase"]
[SourceDate "2024.10.14"]
[SourceVersion "1"]
[SourceVersionDate "2024.10.14"]
[SourceQuality "1"]

1. e4 e5 2. Nf3 Nc6 3. d4 exd4 4. Bc4 Nf6 5. e5 d5 6. Bb5 Ne4 7. Nxd4 Bc5 8. Be3 0-0 9. Nxc6 bxc6 10. Bxc5 Nxc5 11. Bxc6 Rb8 12. 0-0 Ba6 13. Re1 Rxb2 14. Bxd5 Qe7 15. Bb3 Qh4 16. Nc3 Rd8 17. Qc1 Nd3 18. Qe3 Nxe1 19. Rxe1 Bc4 20. Qc1 Rxb3 21. axb3 Ba6 22. h3 h6 23. Qe3 Qb4 24. Ra1 Bd3 25. Qd2 Rd7 26. cxd3 Qxb3 27. Rxa7 Qb6 28. Ra4 c5 29. Ra8+ Kh7 30. Qf4 Qg6 31. Ne4 Rd4 32. Qe3 Qc6 33. Ra7 Qd5 34. Qf4 Kg8 35. Qg3 Kh8 36. Rc7 Rxd3 37. Rc8+ Kh7 38. Nf6+ gxf6 39. Qg8# 1-0